00685nam a2200193Ia 4500008004100000020001800041082001700059100006100076245006300137250000800200260004200208300002400250500002100274600002700295650001500322942000700337952013000344999001700474240925s9999 xx 000 0 und d a9788131720479 a629.8312 HOP aHopcroft, E. John; Motwani, Rajeev; Ullman ,Jeffrey D. 0aIntroduction to Automata Theory, Languages and Computation a3rd aNew Delhi:bPearson Educationc,2007. a941p.bNAfOriginal aInclude Appendix aElectronic Engineering aTechnology cBK 001040708ELaUITUbUITUd2015-09-17eZ S Book Agencyg918.00l0o629.8312 HOPpQ10469r2024-09-25 07:15:43w2024-09-25yBK c12968d12968